Улыбка (Запись № 1391825)

Подробности
000 -МАРКЕР
контрольное поле 01243nam0a2200313 4500
001 - ИДЕНТИФИКАТОР ЗАПИСИ
контрольное поле RU\NLR\bibl\1437322
005 - ИДЕНТИФИКАТОР ВЕРСИИ
контрольное поле 20260406100107.0
010 ## - МЕЖДУНАРОДНЫЙ СТАНДАРТНЫЙ НОМЕР КНИГИ (ISBN)
Номер (ISBN) 978-5-9781-0017-4
Тираж 20000
021 ## - НОМЕР ГОСУДАРСТВЕННОЙ РЕГИСТРАЦИИ
Код страны российская федерация
Номер 2009-74659
Номер Листа государственной регистраци 4649
021 ## - НОМЕР ГОСУДАРСТВЕННОЙ РЕГИСТРАЦИИ
Код страны российская федерация
Номер 2010-90460
Номер Листа государственной регистраци 6077
035 ## - ДРУГИЕ СИСТЕМНЫЕ НОМЕРА
Идентификатор записи (NLR Aleph) 001429198
100 ## - ДАННЫЕ ОБЩЕЙ ОБРАБОТКИ
Данные общей обработки 20091111d2009 |||y0rusy50 ca
101 0# - ЯЗЫК РЕСУРСА
Язык текста, звукозаписи и т.д. русский
102 ## - СТРАНА ПУБЛИКАЦИИ ИЛИ ПРОИЗВОДСТВА
Страна публикации российская федерация
105 ## - ПОЛЕ КОДИРОВАННЫХ ДАННЫХ: ТЕКСТОВЫЕ МАТЕРИАЛЫ, МОНОГРАФИЧЕСКИЕ
Кодированные данные о монографическом текстовом документе a |||||||||
200 1# - ЗАГЛАВИЕ И СВЕДЕНИЯ ОБ ОТВЕТСТВЕННОСТИ
Основное заглавие Улыбка
Сведения, относящиеся к заглавию [для чтения взрослыми детям]
Первые сведения об ответственности Михаил Пляцковский
Последующие сведения об ответственности худож.: Влада Крамина
210 ## - ПУБЛИКАЦИЯ, РАСПРОСТРАНЕНИЕ И ДР.
Место издания, распространения и т.д. Москва
Имя издателя, распространителя и т. д. Самовар
Дата издания, распространения и т.д. 2009
215 ## - ФИЗИЧЕСКАЯ ХАРАКТЕРИСТИКА
Специфическое обозначение материала и объем [47] с.
Другие сведения о физической характеристике цв. ил.
Размеры 17
225 1# - СЕРИЯ
Основное заглавие серии Стихи для малышей
300 ## - ОБЩИЕ ПРИМЕЧАНИЯ
Текст примечания В вып. дан. худож.: Владислава Михайловна Крамина
700 #1 - ИМЯ ЛИЦА - ПЕРВИЧНАЯ ОТВЕТСТВЕННОСТЬ
Код отношения Автор
Материалы, к которым относится поле rus
Графика поля Кириллица
Начальный элемент ввода Пляцковский
Часть имени, кроме начального элемента ввода М. С.
Даты 1935-1991
Расширение инициалов личного имени Михаил Спартакович
Идентификатор авторитетной/нормативной записи RU\NLR\auth\7774777
Системный номер авторитетной/нормативной записи 57705
702 #1 - ИМЯ ЛИЦА - ВТОРИЧНАЯ ОТВЕТСТВЕННОСТЬ
Код отношения Карикатурист, Художник
Материалы, к которым относится поле rus
Графика поля Кириллица
Начальный элемент ввода Крамина
Часть имени, кроме начального элемента ввода В. М.
Расширение инициалов личного имени Владислава Михайловна
Идентификатор авторитетной/нормативной записи RU\NLR\auth\7752111
Системный номер авторитетной/нормативной записи 35044
801 #0 - ИСТОЧНИК ЗАПИСИ
Страна российская федерация
Организация NLR
Дата составления 20091111
Правила каталогизации RCR
801 #1 - ИСТОЧНИК ЗАПИСИ
Страна российская федерация
Организация NLR
Дата составления 20091111
830 ## - ОБЩЕЕ ПРИМЕЧАНИЕ, СОСТАВЛЕННОЕ КАТАЛОГИЗАТОРОМ
Текст примечания авт. по кн.
942 ## - ДОПОЛНИТЕЛЬНЫЕ ЭЛЕМЕНТЫ ЗАПИСИ (АБИС)
Тип экземпляра АБИС Книга
980 ## - КОЛЛЕКЦИЯ
Название коллекции Национальная библиография
Экземпляры
Тип экземпляра Дата поступления Источник поступления Библиотека постоянного хранения Библиотека текущего хранения Место хранения Шифр хранения Штрих-код Статус не для выдачи Стоимость
Книга 11.11.2009 Обязательный экземпляр РНБ (Московский) РНБ (Московский) Русский книжный фонд: издания с 1957 года, 9этаж 2009-2/5674 3036649    
Книга 11.11.2009 Обязательный экземпляр РНБ (Московский) РНБ (Московский) Выбыл из РНБ в другие организации (Обменный фонд)   3036650    
Книга 13.12.2010 Обязательный экземпляр РНБ (Московский) РНБ (Московский) Обменный фонд   3316003    
Книга 13.12.2010 Обязательный экземпляр РНБ (Московский) РНБ (Московский) Обменный фонд   3316005    
Книга 24.04.2014 Обязательный экземпляр РНБ (Московский) РНБ (Московский) Обменный фонд   1-490079   25.00
Книга 24.04.2014 Обязательный экземпляр РНБ (Московский) РНБ (Московский) Обменный фонд   1-490080   25.00